Statistics for Biggest cities in Switzerland • A-Z

Click here to take the quiz!

General Stats

  • This quiz has been taken 28 times
    (25 since last reset)
  • The average score is 10 of 23

Answer Stats

#PopulationCity% Correct
Z409.120Zürich
96%
B171.433Basel
96%
G200.485Geneva
96%
L138.861Lausanne
88%
W110.871Winterthur
71%
S75.508St. Gallen
67%
T43.738Thun
50%
A21.268Aarau
46%
C35.031Chur
46%
M26.572Montreux
42%
K41.490Köniz
38%
U34.506Uster
33%
F38.513Freibourg
29%
Y30.140Yverdon-les-Bains
29%
N33.565Neuenburg
25%
D28.137Dübendorf
25%
V35.115Vernier
25%
H20.321Horgen
21%
I16.969Illnau-Effretikon
17%
O19.973Opfikon
17%
R26.980Rapperswil-Jona
17%
E30.680Emmen
17%
P18.159Pully
13%

Score Distribution

Percentile by Number Answered

Percent of People with Each Score

Your Score History

You have not taken this quiz since the last reset